| 000 | 01488nam a22002537a 4500 | ||
|---|---|---|---|
| 999 |
_c60946 _d60946 |
||
| 003 | Ge_BSU | ||
| 005 | 20231128124325.0 | ||
| 008 | 231128s2023 ge ||||| |||| 00| 0 geo d | ||
| 020 | _a9789941361258 | ||
| 041 | _ageo | ||
| 080 | _a159.9 ე-63 | ||
| 245 |
_aემოციური და ქცევითი დარღვევების მქონე მოსწავლეთა სწავლება : _bსაკითხავი მასალა კურსისთვის / _cთამარ აბაშიძე, მარინე გურგენიძე, ნინო მიქელაძე, ირინე ჟვანია. |
||
| 264 |
_aთბილისი: _bთსუ, _c2023. |
||
| 300 |
_a237 გვ.; _b29 სმ. |
||
| 653 | _aემოციური დარღვევები | ||
| 653 | _aქცევითი დარღვევები | ||
| 653 | _aსოციალური და ემოციური ქცევა | ||
| 653 | _aმასწავლებლების და მსობლების კომუნიკაცია | ||
| 700 |
_aაბაშიძე, თამარ _eავტორი _92708 |
||
| 700 |
_aგურგენიძე, მარინე _eავტორი _95032 |
||
| 700 |
_aმიქელაძე, ნინო _eავტორი _911503 |
||
| 700 |
_aჟვანია, ირინე _eავტორი _920493 |
||
| 942 |
_2udc _cᲬᲘᲒᲜᲘ |
||